Statistics for この丸いものなーんだ?(日本地理)

Click here to take the quiz!

General Stats

  • This quiz has been taken 48 times
  • The average score is 5 of 15

Answer Stats

問題答え% Correct
名古屋の地下にある環状線名城線
89%
阿武隈急行線内の主要駅がある町で、伊達輝宗などと関わりの深い城がある丸森
64%
白滝と瀬戸瀬の間の駅丸瀬布
60%
八丈島より南にある、東京都内では小笠原の次に南にある自治体青ヶ島村
49%
日本のバイカル湖田沢湖
47%
岩手県北西部にあるとある自治体の旗が丸いので自治体当てて八幡平市
34%
◯という地図記号町村役場
34%
モルドバの中にある他国から認められていない未承認国家(もはや丸くもないし"エン"であるだけ)沿ドニエストル
34%
鴛泊、鬼脇、沓形などの町がある島利尻
26%
森町にある天浜線の駅円田
13%
コラ半島超深度掘削坑のある旧ソ連の州ムルマンスク州
11%
旭川を起点として遠軽、名寄を経由して旭川に戻る循環急行旭川
4%
◯という地図記号その他の樹木畑
0%
行基が本宮山山頂付近に開基した正法寺が起源の吉備中央町にある寺円城寺
0%
現存する世界最大の隕石衝突跡(クレーター)であり、世界自然遺産フレデフォート・ドーム
0%

Score Distribution

Percentile by Number Answered

Percent of People with Each Score

Your Score History

You have not taken this quiz